000 01219nam a2200301 i 4500
003 DO-SdBNP
005 20231115080741.0
007 ta
008 110413s1986 dr a 000 j spa d
040 _aDO-SdBNP
_bspa
_cBNPHU
_erda
082 _bD884
_222
100 1 _aDuluc de Piña, Angela
_911765
245 1 0 _aArtes plásticas /
_cAngela Duluc de Piña, Freddy Encarnación Garrido, Gladys Ubiera de Bartolomé, Práxedes María Basilio M. ; ilustración Julia Argentina Gil Brioso
264 1 _aSanto Domingo :
_bSecretaría de Estado de Educación Bellas Artes y Cultos,
_bAlfa y Omega,
_c1986.
300 _a117 páginas
_c24 cm.
_bIlustraciones
336 _2rdacontent
_atexto
_btxt
337 _2rdamedia
_asin mediación
_bn
338 _2rdacarrier
_avolumen
_bnc
500 _aDirección General de Medios Educativos.
500 _aOrganización de Estados Americanos (OEA).
590 _aInventariado, 2023/ YL
700 1 _aEncarnación de Piña, Freddy
_eautor.
_984638
700 1 _aUbiera de Bartolomé, Gladys
_eautor.
_984639
700 1 _aBasilio M., Práxedes María
_eautor.
_984640
700 1 _aGil Brioso, Julia Argentina
_eilustración
_984641
910 _aYLockward
942 _2ddc
_cLBS1
999 _c55498
_d55498